Primeras jornadas nacionales de vinculación tecnológica en las universidades /
Guardado en:
| Autores Corporativos: | , |
|---|---|
| Formato: | Libro |
| Idioma: | Undetermined |
| Publicado: |
Buenos Aires :
Ministerio de Cultura y Educación,
1995.
|
| Etiquetas: |
Agregar Etiqueta
Sin Etiquetas, Sea el primero en etiquetar este registro!
|
| LEADER | 01024nam a22001935a 4500 | ||
|---|---|---|---|
| 001 | EEA.libagro010004 | ||
| 005 | 20161014093246.0 | ||
| 008 | 140704s1995####ag#a##########100#0#und#d | ||
| 020 | |a 9500000504 (v. 1) | ||
| 020 | |a 9500000490 (v. 2) | ||
| 082 | 0 | 4 | |a 338.926 |
| 111 | 2 | |a Jornadas Nacionales de Vinculación Tecnológica en las Universidades |n (1 : |d diciembre de 1994 : |c Buenos Aires) | |
| 245 | 1 | 0 | |a Primeras jornadas nacionales de vinculación tecnológica en las universidades / |c Ministerio de Cultura y Educación, Subsecretaría de Programación y Evaluación Universitaria. |
| 260 | |a Buenos Aires : |b Ministerio de Cultura y Educación, |c 1995. | ||
| 300 | |a 2 v. : |b il. ; |c 22 cm. | ||
| 500 | |a Programa de vinculación tecnológica en las universidades. | ||
| 710 | 2 | |a Argentina. |b Ministerio de Cultura y Educación. |b Subsecretaría de Programación y Evaluación Universitaria. | |
| 859 | |a AR-BbBCA |b BIB. AGRONOMIA |h 338.926 |i A691 |p 1997/2847 |v 1 |3 Vol. 1 | ||
| 859 | |a AR-BbBCA |b BIB. AGRONOMIA |h 338.926 |i A691 |p 1997/2848 |v 2 |3 Vol. 2 | ||
